<?xml version="1.0" encoding="UTF-8"?>
<record
    xmlns:xsi="http://www.w3.org/2001/XMLSchema-instance"
    xsi:schemaLocation="http://www.loc.gov/MARC21/slim http://www.loc.gov/standards/marcxml/schema/MARC21slim.xsd"
    xmlns="http://www.loc.gov/MARC21/slim">

  <leader>01608nam a2200289Ia 4500</leader>
  <datafield tag="952" ind1=" " ind2=" ">
    <subfield code="0">0</subfield>
    <subfield code="1">0</subfield>
    <subfield code="4">0</subfield>
    <subfield code="7">0</subfield>
    <subfield code="a">07</subfield>
    <subfield code="b">07</subfield>
    <subfield code="d">2011-11-23</subfield>
    <subfield code="l">1</subfield>
    <subfield code="o">QA276 M45 2002</subfield>
    <subfield code="p">07 002653</subfield>
    <subfield code="r">2013-04-09</subfield>
    <subfield code="s">2013-04-09</subfield>
    <subfield code="t">1</subfield>
    <subfield code="w">2012-06-26</subfield>
    <subfield code="y">LB</subfield>
  </datafield>
  <datafield tag="952" ind1=" " ind2=" ">
    <subfield code="0">0</subfield>
    <subfield code="1">0</subfield>
    <subfield code="2">lcc</subfield>
    <subfield code="4">0</subfield>
    <subfield code="7">0</subfield>
    <subfield code="a">22</subfield>
    <subfield code="b">22</subfield>
    <subfield code="d">2013-05-29</subfield>
    <subfield code="l">4</subfield>
    <subfield code="o">QA276 M418 2002</subfield>
    <subfield code="p">06 002115</subfield>
    <subfield code="r">2018-07-02</subfield>
    <subfield code="s">2018-07-02</subfield>
    <subfield code="t">1</subfield>
    <subfield code="w">2013-05-29</subfield>
    <subfield code="y">LB</subfield>
  </datafield>
  <datafield tag="952" ind1=" " ind2=" ">
    <subfield code="0">0</subfield>
    <subfield code="1">0</subfield>
    <subfield code="4">0</subfield>
    <subfield code="7">0</subfield>
    <subfield code="a">01</subfield>
    <subfield code="b">01</subfield>
    <subfield code="d">2017-08-02</subfield>
    <subfield code="l">19</subfield>
    <subfield code="o">519.5 M52in</subfield>
    <subfield code="p">01 007978</subfield>
    <subfield code="r">2024-11-14</subfield>
    <subfield code="s">2023-05-30</subfield>
    <subfield code="t">1</subfield>
    <subfield code="w">2017-08-02</subfield>
    <subfield code="y">LB</subfield>
  </datafield>
  <datafield tag="999" ind1=" " ind2=" ">
    <subfield code="c">53848</subfield>
    <subfield code="d">53848</subfield>
  </datafield>
  <controlfield tag="005">20231102150513.0</controlfield>
  <controlfield tag="008">120603s2002    mx     f      000 0 spa d</controlfield>
  <datafield tag="020" ind1=" " ind2=" ">
    <subfield code="a">9706861955</subfield>
  </datafield>
  <datafield tag="050" ind1=" " ind2=" ">
    <subfield code="a">QA276</subfield>
    <subfield code="b">M45 2002</subfield>
  </datafield>
  <datafield tag="082" ind1=" " ind2=" ">
    <subfield code="a">519.5</subfield>
    <subfield code="b">M52in</subfield>
  </datafield>
  <datafield tag="100" ind1="1" ind2=" ">
    <subfield code="a">Mendenhall, William</subfield>
    <subfield code="e">autor</subfield>
  </datafield>
  <datafield tag="240" ind1=" " ind2=" ">
    <subfield code="a">A brief Introduction to Probability and Statistics</subfield>
    <subfield code="l">espa&#xF1;ol</subfield>
  </datafield>
  <datafield tag="245" ind1="1" ind2="0">
    <subfield code="a">Introducci&#xF3;n a la probabilidad y estadistica</subfield>
    <subfield code="c"> / William Mendenhall, Robert J. Beaver, Barbara M. Beaver ; traducci&#xF3;n  Francisco Sanchez Fragoso</subfield>
  </datafield>
  <datafield tag="260" ind1=" " ind2=" ">
    <subfield code="a">M&#xE9;xico </subfield>
    <subfield code="b">: Thomson</subfield>
    <subfield code="c">, 2002</subfield>
  </datafield>
  <datafield tag="300" ind1=" " ind2=" ">
    <subfield code="a">xiii, 618 p&#xE1;ginas</subfield>
    <subfield code="b"> : ilustraciones</subfield>
  </datafield>
  <datafield tag="500" ind1=" " ind2=" ">
    <subfield code="a">Incluye: Casos pr&#xE1;cticos en cada cap&#xED;tulo y Ap&#xE9;ndices</subfield>
  </datafield>
  <datafield tag="505" ind1=" " ind2=" ">
    <subfield code="a">Descripci&#xF3;n de datos con gr&#xE1;ficas 
Descripci&#xF3;n de datos con medidas num&#xE9;ricas
Descripci&#xF3;n de datos bivariados
Probabilidad y distribuciones de probabilidad
Diversos distribuciones discretas utiles.
La distribuci&#xF3;n de probabilidad normal
Distribuciones muestrales 
Estimaci&#xF3;n para muestras grandes
Pruebas de hip&#xF3;tesis de muestras grandes
Inferencia con muestras peque&#xF1;as
El an&#xE1;lisis de varianza 
Regresi&#xF3;n y correlaci&#xF3;n lineal
An&#xE1;lisis de datos categ&#xF3;ricos</subfield>
  </datafield>
  <datafield tag="519" ind1=" " ind2=" ">
    <subfield code="a">Material Complementario /</subfield>
    <subfield code="b">CCH - UNAM /</subfield>
    <subfield code="d">(01 007978)</subfield>
  </datafield>
  <datafield tag="519" ind1=" " ind2=" ">
    <subfield code="a">Material Complementario / </subfield>
    <subfield code="b">Ingenier&#xED;a Industrial / </subfield>
    <subfield code="d">(06 002115)</subfield>
  </datafield>
  <datafield tag="650" ind1="1" ind2="4">
    <subfield code="a">ESTAD&#xCD;STICA MATEM&#xC1;TICA</subfield>
  </datafield>
  <datafield tag="650" ind1="2" ind2="4">
    <subfield code="a">ESTAD&#xCD;STICA MATEM&#xC1;TICA</subfield>
    <subfield code="x">INVESTIGACI&#xD3;N</subfield>
  </datafield>
  <datafield tag="650" ind1="2" ind2="4">
    <subfield code="a">PROBABILIDADES</subfield>
  </datafield>
  <datafield tag="700" ind1=" " ind2=" ">
    <subfield code="a">Beaver, Robert J.</subfield>
    <subfield code="e">autor</subfield>
  </datafield>
  <datafield tag="700" ind1=" " ind2=" ">
    <subfield code="a">Beaver, Barbara M.</subfield>
    <subfield code="e">autor</subfield>
  </datafield>
  <datafield tag="700" ind1=" " ind2=" ">
    <subfield code="a">S&#xE1;nchez Fragoso, Francisco</subfield>
    <subfield code="e">traductor</subfield>
  </datafield>
  <datafield tag="942" ind1=" " ind2=" ">
    <subfield code="c">LB</subfield>
    <subfield code="2">lcc</subfield>
  </datafield>
</record>
